| 000 | 00637nam a2200157 i 4500 | ||
|---|---|---|---|
| 001 | 34047 | ||
| 003 | ES-MaACL | ||
| 007 | t| | ||
| 008 | 030204s1947 ag ||||1| spa d | ||
| 100 | 1 |
_aBlanco Acevedo, Eduardo. _929214 |
|
| 245 | 1 | 0 |
_aPráctica quirúrgica _b: simposio sobre equinococosis / _cbajo la dirección de Eduardo Blanco Acevedo ; con la colaboración de Velarde Pérez Fontana... [et al.]. |
| 260 |
_aBuenos Aires : _bEdit. Médico-quirúrgica, _c[1947] ( _eMontevideo : _fLa Industrial) |
||
| 300 |
_a338 p., 10 lám. : _bil. ; _c24 cm. |
||
| 700 | 1 |
_aPérez Fontana, Velarde. _990865 |
|
| 852 |
_aES-MaACL _jE-2328 _bR.24049 |
||
| 999 |
_c34047 _d34047 |
||